000
00306 a2200145 4500
001
174811
020
_a
040
_c
Magnum
100
_a
Gomide, Julio Borges
240
1
0
_a
Jonas, o macaquinho
_l
por
245
1
0
_a
Jonas, o macaquinho
362
0
_a
1899
697
_a
IJ/FADAS, FANTASIA
942
_c
BK
999
_c
174811
_d
174811